Vintè manual de Francesc Duran, notari de Barcelona, 1714
ISBN:
9788499754444
Descripción Física:
650 p. ; 24 cm
Colección:
Acta notariorum Cataloniae ; 26
MARC
| LEADER | 00000nam a2200000Ia 4500 | ||
|---|---|---|---|
| 001 | 24518 | ||
| 008 | 160829s2014 xx 000 0 cat d | ||
| 020 | |a 9788499754444 | ||
| 080 | |a Bib-256 | ||
| 245 | |a Vintè manual de Francesc Duran, notari de Barcelona, 1714 | ||
| 260 | |a Barcelona : |b Fundació Noguera, |c 2014 | ||
| 300 | |a 650 p. ; |c 24 cm | ||
| 490 | |a Acta notariorum Cataloniae ; 26 | ||
| 590 | |a Bibliografia. | ||
| 590 | |a Índexs | ||
| 650 | |a Duran i Móra, Francesc |9 50507 | ||
| 650 | |a Notaris |x Catalunya – Barcelona |9 50508 | ||
| 650 | |a Arxius notarials |x Catalunya |x Barcelona – Catàlegs I |9 50509 | ||
| 650 | 0 | |a Guerra de Successió, 1702-1714 |x Catalunya |9 50510 | |
| 700 | |a Duran i Móra, Francesc |9 50507 | ||
| 700 | |a Salvadó i Montoriol, Joan, ed. |9 50511 | ||
| 901 | |a Arxiu | ||
| 942 | |n 1 | ||
| 952 | |0 0 |1 0 |4 0 |6 BIB256 |7 1 |9 56083 |a Arxiu |b Arxiu |d 2016-12-01 |l 0 |o Bib-256 |p 24518 |r 2016-12-01 00:00:00 |w 2016-12-01 |y ARXIU | ||
| 999 | |c 59957 |d 59957 | ||